000 00697nam a2200241Ia 4500
005 20211108133952.0
008 131103s9999 xx 000 0 und d
020 _a0 521 28526 7(pbk)
_c9.50 pds
040 _aLoreto College
041 _aEnglish
082 _a320.5
_bDUN
245 _aDemocratic theory and practice
_cedited by Graeme Ducan
260 _aCambridge
_bCambridge University Press
_c1983(1985 printing)
300 _aviii,296 p.
504 _aIncludes bibliographical references and index
630 _aDemocracy
630 _aPolitical Ideology
650 _aPolitical Science
651 _aPolitics
700 _aDuncan, Graeme,
_4ed.
850 _aLCLIB
942 _cBK
999 _c211
_d50690